[Event "XIII American Continental"]
[Site "Montevideo URU"]
[Date "2018.06.05"]
[Round "6"]
[White "Aprahamian, Tomas"]
[Black "Marques, Ubiratan De Azevedo"]
[Result "0-1"]
[WhiteElo "1399"]
[BlackElo "1777"]
[EventDate "2018.06.01"]
[PlyCount "152"]

1.d4 Nf6 2.Nf3 d5 3.e3 Bf5 4.Bd3 Bxd3 5.cxd3 c6 6.O-O Nbd7 7.Nc3 e6 8.Qe2 
Bb4 9.Bd2 O-O 10.a3 Bd6 11.Rac1 h6 12.Rfe1 Re8 13.Na4 Re7 14.Nc5 Nf8 15.e4
Bb8 16.e5 N6h7 17.Nh4 Rc7 18.Qg4 Kh8 19.f4 b6 20.Nb3 g6 21.Nf3 f5 22.Qh3 
Kg7 23.Rc2 a5 24.Rec1 Qe8 25.Be3 Ba7 26.Rf2 Rac8 27.Nbd2 c5 28.dxc5 Qb5 
29.Rc3 bxc5 30.Rb3 Qa6 31.Re2 c4 32.dxc4 dxc4 33.Rc3 Bxe3+ 34.Rcxe3 c3 35.
bxc3 Rxc3 36.Nd4 Rc1+ 37.Nf1 Qb6 38.Nb3 R1c3 39.Kh1 Qxb3 40.Rxc3 Rxc3 41.
Re3 Rxe3 42.Qxe3 Qxe3 43.Nxe3 Nd7 44.Nc4 a4 45.g3 g5 46.Kg2 Nhf8 47.Kf3 
Ng6 48.Ke3 Kf8 49.Nd2 Nb6 50.Nb1 Ne7 51.h4 Ned5+ 52.Kf3 gxf4 53.gxf4 Nc4 
54.h5 Ke7 55.Kg3 Kd7 56.Kf3 Kc6 57.Kg3 Kc5 58.Kf3 Kd4 59.Kg3 Kd3 60.Kf3 
Kc2 61.Ke2 Kxb1 62.Kd3 Nxa3 63.Kd4 Nb5+ 64.Kc5 a3 65.Kxb5 a2 66.Kc6 a1=Q 
67.Kd6 Nxf4 68.Ke7 Qxe5 69.Kf7 Nd5 70.Kg6 Qf6+ 71.Kh7 Qf7+ 72.Kh8 Qf8+ 73.
Kh7 Nf6+ 74.Kg6 Nxh5 75.Kxh5 Qg7 76.Kh4 Qg4# 0-1

[Event "XIII American Continental"]
[Site "Montevideo URU"]
[Date "2018.06.05"]
[Round "6"]
[White "Tregarthen, Emiliano"]
[Black "Oviedo, Mathias"]
[Result "1-0"]
[WhiteElo "2083"]
[BlackElo "1611"]
[EventDate "2018.06.01"]
[PlyCount "63"]

1.e4 c5 2.Nf3 d6 3.d4 cxd4 4.Nxd4 Nf6 5.Nc3 a6 6.Bg5 e6 7.f4 Be7 8.Qf3 
Nbd7 9.O-O-O Qc7 10.Qh3 b5 11.Bxb5 axb5 12.Ndxb5 Qb6 13.Qd3 Rb8 14.Qd4 O-O
15.e5 Qxd4 16.Rxd4 dxe5 17.fxe5 Nxe5 18.Bf4 Nfd7 19.Rhd1 Rb7 20.a4 Bc5 21.
Re4 Ng4 22.Bd6 Nf2 23.Bxf8 Nxd1 24.Bxc5 Nxc3 25.bxc3 f5 26.Rc4 Nxc5 27.
Rxc5 Bd7 28.c4 Kf7 29.a5 Ke7 30.a6 Rb8 31.Nc7 Bc8 32.a7 1-0

[Event "XIII American Continental"]
[Site "Montevideo URU"]
[Date "2018.06.05"]
[Round "6"]
[White "Araujo, Daniel"]
[Black "Ramos, Angelo Bil"]
[Result "0-1"]
[WhiteElo "1529"]
[BlackElo "1926"]
[EventDate "2018.06.01"]
[PlyCount "76"]

1.d4 Nf6 2.Nf3 g6 3.c4 Bg7 4.g3 d5 5.Bg2 c6 6.cxd5 cxd5 7.O-O O-O 8.Bf4 
Qb6 9.Qd2 Nc6 10.Nc3 Rd8 11.e3 Nh5 12.Ne1 Nxf4 13.gxf4 e6 14.Nd3 Ne7 15.
Rfc1 Bd7 16.b4 a6 17.a4 Rdc8 18.a5 Qd8 19.Nc5 Bc6 20.N3a4 Bxa4 21.Nxa4 
Rxc1+ 22.Rxc1 Rc8 23.Rc5 Nc6 24.Rc1 Na7 25.Bf1 Bf8 26.Nc5 Rb8 27.Na4 Bd6 
28.Nb6 Kg7 29.Na4 h6 30.Nc5 g5 31.Bd3 gxf4 32.exf4 Qh4 33.f3 Bxf4 34.Qg2+ 
Kh8 35.Rc2 Rg8 36.Nxb7 Rxg2+ 37.Rxg2 Qe1+ 38.Bf1 Be3+ 0-1

[Event "XIII American Continental"]
[Site "Montevideo URU"]
[Date "2018.06.05"]
[Round "6"]
[White "Busca, Joaquin"]
[Black "Stetsenko, Ilya"]
[Result "1-0"]
[WhiteElo "1889"]
[BlackElo "1461"]
[EventDate "2018.06.01"]
[PlyCount "41"]

1.c4 b6 2.Nf3 e6 3.g3 Bb7 4.Bg2 Nf6 5.O-O Be7 6.d4 O-O 7.Nc3 Na6 8.d5 Bb4 
9.Ne5 Bxc3 10.bxc3 d6 11.Nxf7 Qe7 12.Ng5 exd5 13.cxd5 Qe5 14.Ne6 Qxc3 15.
Bd2 Qe5 16.Bf4 Qh5 17.Nxf8 Rxf8 18.e4 Qxd1 19.Raxd1 Nc5 20.e5 Nh5 21.Be3 
1-0

[Event "XIII American Continental"]
[Site "Montevideo URU"]
[Date "2018.06.05"]
[Round "6"]
[White "Campora, Edgardo"]
[Black "Kulik, Nicolas"]
[Result "0-1"]
[WhiteElo "1772"]
[BlackElo "1367"]
[EventDate "2018.06.01"]
[PlyCount "70"]

1.e4 e6 2.Nf3 d5 3.Nc3 dxe4 4.Nxe4 Nd7 5.d4 Ngf6 6.Ng3 Be7 7.Bf4 O-O 8.c4 
c5 9.Be2 Qb6 10.Qb3 cxd4 11.Qxb6 Nxb6 12.Nxd4 Bc5 13.Nb3 Bb4+ 14.Nd2 Bd7 
15.a3 Be7 16.O-O Rac8 17.Rac1 Rfd8 18.Nge4 Nxe4 19.Nxe4 Bc6 20.f3 Bxe4 21.
fxe4 Rd4 22.Bg3 Rd2 23.Rfe1 Rxb2 24.Rb1 Rxb1 25.Rxb1 Bxa3 26.Ra1 Bc5+ 27.
Kf1 Nd7 28.Bf3 g6 29.Rd1 Nb6 30.Be2 a5 31.Rb1 a4 32.e5 a3 33.Ra1 Ra8 34.
Bf4 a2 35.Bd1 Bd4 0-1

[Event "XIII American Continental"]
[Site "Montevideo URU"]
[Date "2018.06.05"]
[Round "6"]
[White "Malan, Lucia"]
[Black "Baratta, Daniel"]
[Result "1-0"]
[WhiteElo "1733"]
[BlackElo "1193"]
[EventDate "2018.06.01"]
[PlyCount "55"]

1.e4 e6 2.d4 d5 3.Nd2 c5 4.c3 cxd4 5.cxd4 dxe4 6.Nxe4 Nc6 7.Nf3 Nf6 8.Bd3 
Be7 9.O-O h6 10.Bf4 O-O 11.Nxf6+ Bxf6 12.Be5 Bxe5 13.dxe5 Nb4 14.Be4 Qe7 
15.Qb3 Na6 16.Rac1 Nc5 17.Qb4 Rb8 18.Qxc5 Qe8 19.Qxa7 Bd7 20.Bxb7 Rd8 21.
Rfd1 Kh8 22.Qd4 Qe7 23.Qd6 Qe8 24.Rc7 Ba4 25.Qxd8 Qxd8 26.Rxd8 Rxd8 27.Rc8
Rxc8 28.Bxc8 1-0

[Event "XIII American Continental"]
[Site "Montevideo URU"]
[Date "2018.06.05"]
[Round "6"]
[White "Ramirez, Agustin"]
[Black "Cardozo, Camila"]
[Result "0-1"]
[WhiteElo "1675"]
[BlackElo "1586"]
[EventDate "2018.06.01"]
[PlyCount "114"]

1.e4 e6 2.d4 d5 3.exd5 exd5 4.Bd3 Nf6 5.Bg5 c5 6.dxc5 Bxc5 7.Nc3 O-O 8.Nf3
Nc6 9.O-O Bg4 10.h3 Be6 11.Re1 a6 12.a3 b5 13.Na2 Qb6 14.Qd2 Be7 15.Be3 
Qc7 16.Bf4 Qb6 17.Be3 Qb7 18.Nd4 Nxd4 19.Bxd4 Rfd8 20.Nc1 Ne4 21.Bxe4 dxe4
22.c3 Bd5 23.Qe3 h6 24.Qg3 Bf8 25.Ne2 Rd6 26.Qe3 Be7 27.Be5 Re6 28.Bh2 Rc6
29.Red1 Bb3 30.Re1 Rf6 31.Ng3 Bd5 32.Rad1 Rc8 33.b4 Re6 34.Ne2 Bb3 35.Rb1 
Bc2 36.Rb2 Bd3 37.Rc1 Rec6 38.Be5 Bg5 39.Nf4 f6 40.Bd4 Qc7 41.g3 h5 42.h4 
Bh6 43.Qd2 Qd7 44.Qd1 Qxd4 45.Qb3+ Qc4 46.Qxc4+ Bxc4 47.Kg2 Bd3 48.Rb3 
Bxf4 49.gxf4 Bc4 50.Rb2 Rd8 51.Kg1 Rd3 52.Kg2 Bd5 53.Rbc2 e3+ 54.Kf1 exf2 
55.Kxf2 Rf3+ 56.Kg1 Rxf4 57.Rf2 Rxh4 0-1

[Event "XIII American Continental"]
[Site "Montevideo URU"]
[Date "2018.06.05"]
[Round "6"]
[White "Amaral, Francisco"]
[Black "Ribeiro, Gilnei Guedes"]
[Result "1/2-1/2"]
[WhiteElo "1637"]
[BlackElo "1445"]
[EventDate "2018.06.01"]
[PlyCount "147"]

1.c4 Nf6 2.g3 e6 3.Bg2 Be7 4.Nf3 O-O 5.O-O d5 6.cxd5 exd5 7.d3 c5 8.Nbd2 
Bf5 9.b3 Nc6 10.Bb2 Re8 11.d4 Rc8 12.a3 b6 13.Re1 Ne4 14.dxc5 bxc5 15.Nxe4
Bxe4 16.e3 Bf8 17.Nh4 Bxg2 18.Nxg2 Rb8 19.Qc2 Qb6 20.b4 cxb4 21.axb4 Bxb4 
22.Reb1 a5 23.Nf4 Qb5 24.Qf5 Ne7 25.Qg5 d4 26.Qxb5 Rxb5 27.Bxd4 Nf5 28.Ne2
Rbb8 29.Bc3 Ne7 30.Bxb4 axb4 31.Nd4 Rb6 32.Rb3 Reb8 33.Ra4 g6 34.Nc2 Nc6 
35.Kf1 Kf8 36.Ke2 Ke7 37.Nd4 Kd6 38.Kd3 Kc5 39.Nxc6 Rxc6 40.Ra7 Rd6+ 41.
Ke2 Kc4 42.Rb1 Rf6 43.Rc7+ Kb5 44.f4 Rbb6 45.Rc2 Rfc6 46.Rcb2 Rc4 47.g4 
Rbc6 48.Kf3 h6 49.h4 h5 50.gxh5 gxh5 51.Rd1 f5 52.Rd8 Re4 53.Rd5+ Rc5 54.
Rxf5 Rxf5 55.Kxe4 Rf8 56.Rg2 Kc4 57.f5 Re8+ 58.Kf4 b3 59.f6 Rb8 60.e4 Kd4 
61.e5 b2 62.Rxb2 Rxb2 63.e6 Rf2+ 64.Kg5 Ke5 65.e7 Rf5+ 66.Kg6 Rxf6+ 67.Kg7
Re6 68.Kf7 Rxe7+ 69.Kxe7 Kf5 70.Kd6 Kf4 71.Kd5 Kf3 72.Kd4 Kf4 73.Kd3 Kg4 
74.Ke4 1/2-1/2

[Event "XIII American Continental"]
[Site "Montevideo URU"]
[Date "2018.06.05"]
[Round "6"]
[White "Podesta, Sofia"]
[Black "Nakle, Gonzalo"]
[Result "1-0"]
[WhiteElo "1195"]
[BlackElo "1706"]
[EventDate "2018.06.01"]
[PlyCount "59"]

1.Nf3 d5 2.d4 c6 3.e3 Bf5 4.c4 Nf6 5.Qb3 Qc8 6.Nc3 e6 7.Be2 Bd6 8.O-O O-O 
9.Bd2 Ne4 10.Rfc1 Bxh2+ 11.Kxh2 Qc7+ 12.g3 h5 13.Nxe4 Bxe4 14.Bb4 Re8 15.
Qa3 Nd7 16.Bd6 Qd8 17.Bf4 Nf6 18.Ne5 g5 19.Bxg5 Ng4+ 20.Nxg4 Qxg5 21.Ne5 
h4 22.Bf3 hxg3+ 23.fxg3 Qh6+ 24.Kg2 Bf5 25.Rh1 Qg5 26.Rh5 Qg7 27.cxd5 exd5
28.Rxf5 Re6 29.Rf4 Rh6 30.Rg4 1-0

[Event "XIII American Continental"]
[Site "Montevideo URU"]
[Date "2018.06.07"]
[Round "7"]
[White "Shankland, Samuel"]
[Black "Cori Tello, Jorge"]
[Result "1/2-1/2"]
[WhiteElo "2717"]
[BlackElo "2659"]
[EventDate "2018.06.01"]
[PlyCount "100"]

1.Nf3 d5 2.g3 Nf6 3.Bg2 c6 4.c4 g6 5.b3 Bg7 6.Bb2 O-O 7.O-O Re8 8.d4 Ne4 
9.e3 Bg4 10.h3 Bxf3 11.Bxf3 e6 12.Nd2 Nxd2 13.Qxd2 Nd7 14.Rfd1 Nf6 15.Rac1
a6 16.Qe2 Qe7 17.Bc3 Rad8 18.Bg2 Ne4 19.Be1 Nd6 20.a4 f5 21.Rc2 g5 22.Bb4 
Kh8 23.Qh5 Rg8 24.Bf1 Qf6 25.Bd3 Ne4 26.Kg2 Bf8 27.Be1 g4 28.hxg4 Rg5 29.
Qh1 fxg4 30.Kg1 Qf3 31.Rdc1 Qf7 32.Bxe4 Rh5 33.Qxh5 Qxh5 34.Bg2 Qf5 35.b4 
h5 36.Bc3 Kg8 37.b5 axb5 38.axb5 Ba3 39.Bb2 Bxb2 40.Rxb2 Rf8 41.bxc6 bxc6 
42.cxd5 cxd5 43.Rc6 Kg7 44.e4 dxe4 45.Rc5 Qf6 46.Re5 e3 47.Rxe3 Qxd4 48.
Rbe2 Rf6 49.Rxe6 Rxe6 50.Rxe6 Kf7 1/2-1/2

[Event "XIII American Continental"]
[Site "Montevideo URU"]
[Date "2018.06.07"]
[Round "7"]
[White "Xiong, Jeffery"]
[Black "Hungaski, Robert"]
[Result "1/2-1/2"]
[WhiteElo "2656"]
[BlackElo "2510"]
[EventDate "2018.06.01"]
[PlyCount "56"]

1.e4 c6 2.d4 d5 3.exd5 cxd5 4.Bd3 Nc6 5.c3 Qc7 6.Na3 a6 7.Nc2 Nf6 8.Ne2 
Bg4 9.Bg5 e6 10.Ne3 Bh5 11.Qc2 Bg6 12.Bxf6 gxf6 13.f4 Bxd3 14.Qxd3 f5 15.
O-O h5 16.b4 Bg7 17.a4 Bf6 18.Rac1 Qb6 19.Ng3 Kf8 20.Kh1 h4 21.Ne2 Rd8 22.
Rb1 Ne7 23.b5 a5 24.Rbc1 Rd7 25.Ng1 Ng6 26.Ne2 Ne7 27.Ng1 Ng6 28.Ne2 Ne7 
1/2-1/2

[Event "XIII American Continental"]
[Site "Montevideo URU"]
[Date "2018.06.07"]
[Round "7"]
[White "Cordova Daza, Emilio"]
[Black "Erenburg, Sergey"]
[Result "1/2-1/2"]
[WhiteElo "2621"]
[BlackElo "2563"]
[EventDate "2018.06.01"]
[PlyCount "44"]

1.Nf3 d5 2.g3 c6 3.Bg2 Bg4 4.O-O Nf6 5.d3 Nbd7 6.Nbd2 e5 7.e4 dxe4 8.dxe4 
h6 9.Qe1 Bc5 10.Nc4 Qc7 11.b4 Be7 12.a4 Be6 13.Nb2 c5 14.b5 O-O 15.c4 a6 
16.Bd2 axb5 17.cxb5 c4 18.Bc3 Bd6 19.Nh4 Rfe8 20.Qe2 Nc5 21.Nf5 Bf8 22.Qc2
Nb3 1/2-1/2

[Event "XIII American Continental"]
[Site "Montevideo URU"]
[Date "2018.06.07"]
[Round "7"]
[White "Terry Lujan, Renato Alfredo"]
[Black "Mareco, Sandro"]
[Result "0-1"]
[WhiteElo "2503"]
[BlackElo "2643"]
[EventDate "2018.06.01"]
[PlyCount "88"]

1.c4 e5 2.e3 Nf6 3.Nc3 Bb4 4.Qc2 O-O 5.Nf3 Re8 6.a3 Bxc3 7.Qxc3 d5 8.cxd5 
Nxd5 9.Qc2 Bg4 10.Bd3 h6 11.h3 Bxf3 12.gxf3 Nd7 13.b3 N7f6 14.Bb2 c5 15.
Rg1 Qd6 16.O-O-O Rac8 17.Kb1 a6 18.f4 exf4 19.e4 Nb6 20.e5 Rxe5 21.Bxe5 
Qxe5 22.Qc3 Qd6 23.Bc4 Rd8 24.Be2 Nbd5 25.Qb2 b5 26.Bf3 Ne7 27.Be4 Kf8 28.
d3 Nc6 29.Bxc6 Qxc6 30.Qe5 Qd5 31.Qxd5 Rxd5 32.Kc2 Nd7 33.Kc3 Ne5 34.Rge1 
a5 35.Re4 b4+ 36.axb4 axb4+ 37.Kc2 Nc6 38.Rxf4 Nd4+ 39.Kb2 f5 40.Re1 g5 
41.Rxd4 Rxd4 42.Re5 Rf4 43.Rxc5 Rxf2+ 44.Kc1 f4 0-1

[Event "XIII American Continental"]
[Site "Montevideo URU"]
[Date "2018.06.07"]
[Round "7"]
[White "Rodriguez Vila, Andres"]
[Black "Flores, Diego"]
[Result "0-1"]
[WhiteElo "2483"]
[BlackElo "2614"]
[EventDate "2018.06.01"]
[PlyCount "58"]

1.e4 e5 2.Nf3 Nc6 3.Bc4 Bc5 4.c3 Nf6 5.d4 exd4 6.cxd4 Bb4+ 7.Nbd2 d5 8.
exd5 Nxd5 9.O-O O-O 10.Ne4 Bg4 11.a3 Be7 12.Ba2 Bxf3 13.Qxf3 Nxd4 14.Qd3 
Nf6 15.Ng5 c5 16.Re1 Bd6 17.b4 cxb4 18.Bb1 Re8 19.Rxe8+ Qxe8 20.Be3 Rd8 
21.Kf1 Be5 22.Nxh7 Ng4 23.Qe4 Nxh2+ 24.Ke1 f5 25.Qxb7 Ndf3+ 26.gxf3 Bc3+ 
27.Ke2 Rd2+ 28.Ke1 Ra2+ 29.Kd1 Qa4+ 0-1

[Event "XIII American Continental"]
[Site "Montevideo URU"]
[Date "2018.06.07"]
[Round "7"]
[White "Hoffman, Alejandro"]
[Black "Pichot, Alan"]
[Result "1/2-1/2"]
[WhiteElo "2475"]
[BlackElo "2564"]
[EventDate "2018.06.01"]
[PlyCount "102"]

1.d4 Nf6 2.c4 g6 3.f3 Bg7 4.e4 d6 5.Nc3 O-O 6.Be3 c5 7.dxc5 dxc5 8.Qxd8 
Rxd8 9.Bxc5 Nc6 10.Nge2 Nd7 11.Be3 Nde5 12.Nf4 Nb4 13.Rd1 Nc2+ 14.Kf2 Rxd1
15.Nxd1 Nxe3 16.Nxe3 Nc6 17.b3 e6 18.Bd3 a5 19.Nc2 b6 20.Rd1 Kf8 21.Ne2 
Ke7 22.f4 Nb4 23.Nxb4 axb4 24.Bb1 Bd7 25.g3 Ra5 26.Nd4 e5 27.Nc2 exf4 28.
Nxb4 fxg3+ 29.hxg3 Rh5 30.Nd5+ Ke8 31.Kg2 Bh3+ 32.Kg1 Rg5 33.Kf2 Be5 34.
Nf4 Bd7 35.Bc2 h5 36.Rd3 Bb8 37.Bd1 Ra5 38.a4 h4 39.Nd5 Bxg3+ 40.Kg1 Bc6 
41.b4 Ra7 42.Nxb6 Bxe4 43.Re3 Re7 44.Bf3 Bxf3 45.Rxf3 Re1+ 46.Rf1 Re2 47.
a5 h3 48.a6 Rg2+ 49.Kh1 Rh2+ 50.Kg1 Rg2+ 51.Kh1 Rh2+ 1/2-1/2

[Event "XIII American Continental"]
[Site "Montevideo URU"]
[Date "2018.06.07"]
[Round "7"]
[White "Cori Quispe, Kevin Joel"]
[Black "Perez Ponsa, Federico"]
[Result "1/2-1/2"]
[WhiteElo "2468"]
[BlackElo "2556"]
[EventDate "2018.06.01"]
[PlyCount "40"]

1.e4 c6 2.d4 d5 3.e5 Bf5 4.Nf3 e6 5.Be2 Ne7 6.O-O c5 7.c4 Nbc6 8.Nc3 dxc4 
9.Bg5 Qd7 10.dxc5 Nd5 11.Na4 h6 12.Bh4 g5 13.Bg3 h5 14.h3 h4 15.Bh2 g4 16.
hxg4 Bxg4 17.Nd2 Bxe2 18.Qxe2 h3 19.g4 Na5 20.Nc3 Nxc3 1/2-1/2

[Event "XIII American Continental"]
[Site "Montevideo URU"]
[Date "2018.06.07"]
[Round "7"]
[White "Panjwani, Raja"]
[Black "Mekhitarian, Krikor Sevag"]
[Result "1/2-1/2"]
[WhiteElo "2456"]
[BlackElo "2546"]
[EventDate "2018.06.01"]
[PlyCount "81"]

1.d4 Nf6 2.c4 e6 3.Nf3 d5 4.Nc3 Bb4 5.Qb3 c5 6.dxc5 Na6 7.a3 Bxc3+ 8.Qxc3 
Nxc5 9.cxd5 Qxd5 10.Be3 Nce4 11.Qe5 Qxe5 12.Nxe5 Nd5 13.Bc1 Bd7 14.f3 Nc5 
15.e4 Nb3 16.Rb1 Nb6 17.Be3 Rc8 18.Be2 Ba4 19.Bxb6 axb6 20.Nc4 Rc6 21.Nd2 
Ke7 22.Nxb3 Bxb3 23.Kd2 Rd8+ 24.Ke3 e5 25.Rhc1 Bc2 26.Ra1 Rd4 27.b4 g6 28.
Kf2 Kd6 29.Ke1 Ba4 30.Rxc6+ bxc6 31.Bd1 Bxd1 32.Rxd1 Rxd1+ 33.Kxd1 c5 34.
Kc2 cxb4 35.axb4 Kc6 36.Kc3 Kb5 37.Kb3 g5 38.g4 h6 39.h3 Kc6 40.Kc4 b5+ 
41.Kd3 1/2-1/2

[Event "XIII American Continental"]
[Site "Montevideo URU"]
[Date "2018.06.07"]
[Round "7"]
[White "Grabinsky, Aaron"]
[Black "El Debs, Felipe De Cresce"]
[Result "0-1"]
[WhiteElo "2296"]
[BlackElo "2537"]
[EventDate "2018.06.01"]
[PlyCount "120"]

1.d4 d5 2.Bf4 c5 3.e3 Nc6 4.c3 cxd4 5.exd4 Bf5 6.Nf3 e6 7.Nbd2 Bd6 8.Bxd6 
Qxd6 9.Nh4 Bg6 10.Nxg6 hxg6 11.g3 Nf6 12.Bd3 O-O-O 13.f4 Rh5 14.Nf3 Ne4 
15.Bxe4 dxe4 16.Ne5 Nxe5 17.fxe5 Qd5 18.O-O Rdh8 19.Qe2 Rf5 20.Rae1 Qxa2 
21.Ra1 Rxf1+ 22.Rxf1 Rh5 23.g4 Rh3 24.Rxf7 Rxc3 25.Qb5 Qb1+ 26.Rf1 Rc1 27.
Qe8+ Kc7 28.Qe7+ Kc6 29.Qxe6+ Kb5 30.Qb3+ Ka6 31.Qa3+ Kb5 32.Qb3+ Ka6 33.
Qa4+ Kb6 34.Qb4+ Ka6 35.Qa3+ Kb5 36.Qc5+ Rxc5 37.Rxb1 Rd5 38.Rd1 Kc6 39.e6
Kd6 40.Kf2 Kxe6 41.Ke3 Rb5 42.Kxe4 Rxb2 43.Ra1 a6 44.h4 Re2+ 45.Kf3 Rc2 
46.Ke4 Kd6 47.Ra5 Re2+ 48.Kd3 Re6 49.Rg5 Ke7 50.h5 b6 51.Kc4 Kd6 52.hxg6 
Rf6 53.Kd3 Kc6 54.Ke4 a5 55.Ke5 a4 56.d5+ Kc5 57.Rf5 Rxf5+ 58.gxf5 a3 59.
f6 a2 60.f7 a1=Q+ 0-1

[Event "XIII American Continental"]
[Site "Montevideo URU"]
[Date "2018.06.07"]
[Round "7"]
[White "Cruz Sanchez, Cristhian"]
[Black "Tristan, Leonardo"]
[Result "1-0"]
[WhiteElo "2576"]
[BlackElo "2459"]
[EventDate "2018.06.01"]
[PlyCount "183"]

1.d4 d5 2.c4 e6 3.Nf3 Nf6 4.Nc3 a6 5.cxd5 exd5 6.Bg5 Be6 7.e3 Nbd7 8.Bd3 
Bd6 9.Qc2 c6 10.Bh4 h6 11.Bg3 Qc7 12.O-O Bxg3 13.hxg3 O-O 14.Na4 b6 15.
Rac1 Rfc8 16.Qe2 Qa7 17.Rc2 c5 18.dxc5 Nxc5 19.b3 Nxa4 20.bxa4 Rxc2 21.
Qxc2 Rc8 22.Qb2 Bd7 23.Qb3 Rc5 24.Rb1 Qc7 25.Bxa6 Bxa4 26.Qxa4 Ra5 27.Qd1 
Rxa6 28.Rc1 Qd8 29.Rc2 Ra4 30.Qc1 Rc4 31.Rxc4 dxc4 32.Qxc4 Qd1+ 33.Kh2 b5 
34.Qc8+ Kh7 35.Qf5+ Kg8 36.g4 Qe2 37.g5 hxg5 38.Qc8+ Kh7 39.Qf5+ Kg8 40.
Nxg5 Qh5+ 41.Kg3 Ne4+ 42.Qxe4 Qxg5+ 43.Qg4 Qe5+ 44.Kh3 Qb2 45.Qc8+ Kh7 46.
Qf5+ Kg8 47.Kg3 g6 48.Qd5 Qe2 49.a3 Kg7 50.Qc5 Kg8 51.Qd4 Qh5 52.f3 Qh1 
53.Qd8+ Kg7 54.Qd2 Qg1 55.Qc3+ Kg8 56.e4 Qb6 57.e5 Qe6 58.Qd4 Qe7 59.Qe3 
Qc7 60.Qg5 Qc3 61.Qd8+ Kg7 62.Qe7 Qe1+ 63.Kh2 Qe3 64.Qf6+ Kg8 65.Kh3 Qh6+ 
66.Kg3 Qe3 67.e6 fxe6 68.Qxg6+ Kf8 69.Qf6+ Ke8 70.Kg4 Kd7 71.Qb2 Kc6 72.
Qb4 Qf2 73.g3 Qa2 74.Qf8 Qc4+ 75.Kh5 Qd5+ 76.Kh4 Qd4+ 77.g4 e5 78.Kh5 Qd3 
79.Kh6 Qd2+ 80.g5 Qh2+ 81.Kg7 Kd5 82.g6 Qh3 83.Kg8 Kd4 84.Qd6+ Kc4 85.Qb4+
Kd3 86.Qxb5+ Kd4 87.Qc6 Ke3 88.g7 Qh5 89.Kf8 Qf5+ 90.Ke7 Qg5+ 91.Qf6 Qg3 
92.Kf8 1-0

[Event "XIII American Continental"]
[Site "Montevideo URU"]
[Date "2018.06.07"]
[Round "7"]
[White "Liang, Awonder"]
[Black "Pierrot, Facundo"]
[Result "1-0"]
[WhiteElo "2571"]
[BlackElo "2392"]
[EventDate "2018.06.01"]
[PlyCount "69"]

1.d4 Nf6 2.Bg5 d5 3.Bxf6 exf6 4.e3 Bd6 5.Nd2 O-O 6.g3 Nd7 7.Bg2 c6 8.Ne2 
f5 9.c4 Nf6 10.O-O Be6 11.cxd5 Nxd5 12.Rc1 Re8 13.Nb3 Nf6 14.Nc5 Bxc5 15.
Rxc5 Qb6 16.Qc2 Bd5 17.Bxd5 Nxd5 18.Nc3 Nxc3 19.Qxc3 g6 20.b4 h5 21.h4 Qa6
22.Qc2 Re4 23.Rb1 Rae8 24.Kg2 R4e7 25.a4 Qb6 26.Qc4 a6 27.Rb3 Rd7 28.b5 
cxb5 29.axb5 a5 30.Rc3 Kg7 31.Ra3 Qd8 32.b6 f4 33.gxf4 Qxh4 34.Rg5 Re4 35.
Qd3 1-0

[Event "XIII American Continental"]
[Site "Montevideo URU"]
[Date "2018.06.07"]
[Round "7"]
[White "Martinez Alcantara, Jose Eduardo"]
[Black "Soto Vega, Jorge"]
[Result "1/2-1/2"]
[WhiteElo "2539"]
[BlackElo "2357"]
[EventDate "2018.06.01"]
[PlyCount "95"]

1.c4 c5 2.Nf3 Nc6 3.Nc3 e5 4.g3 g6 5.Bg2 Bg7 6.O-O d6 7.Ne1 Nge7 8.Nc2 O-O
9.Ne3 Rb8 10.d3 a6 11.a4 h6 12.Ned5 Nxd5 13.Nxd5 b5 14.axb5 axb5 15.Nc3 
Nd4 16.e3 b4 17.Nd5 Nc6 18.f4 exf4 19.gxf4 Ne7 20.Ra7 Nf5 21.Be4 Kh8 22.b3
Be6 23.Nc7 Bc8 24.Qe2 Rb7 25.Ne6 fxe6 26.Bxb7 Rf7 27.Bxc8 Rxa7 28.Bxe6 Qf6
29.Bd5 Ra1 30.e4 Nd4 31.Qg4 Kh7 32.Bb2 h5 33.Qg2 Rxf1+ 34.Qxf1 Qxf4 35.
Bxd4 Bxd4+ 36.Kg2 Qd2+ 37.Kh1 Be5 38.Qf7+ Kh6 39.Qf8+ Kg5 40.Qe7+ Kg4 41.
Qe6+ Kf3 42.Qh3+ Ke2 43.Qg2+ Kxd3 44.Qxd2+ Kxd2 45.Bc6 g5 46.h3 Kc2 47.Ba4
Kc3 48.Bc6 1/2-1/2

[Event "XIII American Continental"]
[Site "Montevideo URU"]
[Date "2018.06.07"]
[Round "7"]
[White "Di Berardino, Diego Rafael"]
[Black "Colas, Joshua"]
[Result "1-0"]
[WhiteElo "2525"]
[BlackElo "2285"]
[EventDate "2018.06.01"]
[PlyCount "93"]

1.d4 d5 2.c4 c6 3.Nf3 Nf6 4.Nc3 e6 5.Bg5 Be7 6.e3 Nbd7 7.Qc2 Qa5 8.cxd5 
exd5 9.Bd3 Nf8 10.O-O Ne6 11.Bxf6 Bxf6 12.Rab1 Qd8 13.b4 a6 14.a4 g6 15.b5
axb5 16.axb5 c5 17.dxc5 Nxc5 18.Rbd1 Nxd3 19.Rxd3 O-O 20.Qb3 Bxc3 21.Rxc3 
Be6 22.Nd4 Qd6 23.Rfc1 Rfc8 24.Rxc8+ Rxc8 25.Rxc8+ Bxc8 26.Qc3 Bd7 27.h4 
b6 28.Qa1 Bg4 29.Qa7 Be6 30.Nc6 Qc5 31.Qb8+ Kg7 32.Qe5+ Kg8 33.Nd4 Bg4 34.
Kh2 h5 35.Qe8+ Qf8 36.Qc6 Qb8+ 37.Kg1 Qd8 38.Qb7 Qd6 39.Nc6 Qc5 40.Nd8 Be6
41.Nxe6 fxe6 42.Qc6 Qb4 43.Qxe6+ Kg7 44.Qxb6 Qe1+ 45.Kh2 Qxf2 46.Qd4+ Kh7 
47.b6 1-0

[Event "XIII American Continental"]
[Site "Montevideo URU"]
[Date "2018.06.07"]
[Round "7"]
[White "Thavandiran, Shiyam"]
[Black "Alonso, Salvador"]
[Result "1/2-1/2"]
[WhiteElo "2417"]
[BlackElo "2519"]
[EventDate "2018.06.01"]
[PlyCount "149"]

1.e4 c5 2.Nf3 e6 3.d4 cxd4 4.Nxd4 Nc6 5.Nc3 Qc7 6.Be2 a6 7.O-O Nf6 8.Be3 
Bb4 9.Na4 Be7 10.Nxc6 bxc6 11.Nb6 Rb8 12.Nxc8 Qxc8 13.Bd4 c5 14.Be5 Rb6 
15.Qd3 d6 16.Bc3 O-O 17.b3 d5 18.exd5 Nxd5 19.Be5 Bf6 20.Bxf6 Nxf6 21.Rad1
Qc7 22.Rd2 a5 23.Rfd1 a4 24.Bf3 h6 25.g3 Rc8 26.Qc4 Rb4 27.Qa6 axb3 28.
cxb3 Rcb8 29.Rc2 R4b5 30.Rd6 Ra5 31.Rc6 Qd8 32.Qc4 Rb4 33.Qc3 Rd4 34.Rxc5 
Rxc5 35.Qxc5 Kh7 36.Qc7 Qf8 37.Kg2 Rd7 38.Qc5 Qd8 39.Qc8 Qa5 40.Qc3 Qf5 
41.Rd2 Ne4 42.Bxe4 Qxe4+ 43.f3 Rxd2+ 44.Qxd2 Qb1 45.b4 f5 46.a4 e5 47.a5 
e4 48.fxe4 Qxe4+ 49.Kg1 Qb1+ 50.Kg2 Qe4+ 51.Kg1 Qb1+ 52.Kf2 Qh1 53.Qf4 
Qxh2+ 54.Ke3 Qc2 55.Kd4 g5 56.Qe3 Qb2+ 57.Kc4 Qa2+ 58.Kc5 Qc2+ 59.Kd5 Qa2+
60.Ke5 Kg6 61.Qb6+ Kh5 62.Kxf5 Qd5+ 63.Kf6 Qf3+ 64.Ke6 Qxg3 65.a6 Qg4+ 66.
Kd6 Qf4+ 67.Kd7 Qf7+ 68.Kc6 Qe6+ 69.Kc7 Qe7+ 70.Kc6 Qe6+ 71.Kc5 Qe3+ 72.
Kb5 Qe2+ 73.Kc6 Qe6+ 74.Kc7 Qe7+ 75.Kc6 1/2-1/2

[Event "XIII American Continental"]
[Site "Montevideo URU"]
[Date "2018.06.07"]
[Round "7"]
[White "Henriquez Villagra, Cristobal"]
[Black "Kapitanchuk, Tomas"]
[Result "1-0"]
[WhiteElo "2518"]
[BlackElo "2253"]
[EventDate "2018.06.01"]
[PlyCount "69"]

1.e4 c5 2.Nf3 e6 3.d4 cxd4 4.Nxd4 Nc6 5.Nc3 Qc7 6.Be3 a6 7.a3 b5 8.Nxc6 
Qxc6 9.Be2 Bb7 10.Qd2 d6 11.f4 Be7 12.O-O-O Nf6 13.Bf3 Qc7 14.g4 O-O-O 15.
g5 Nd7 16.Qd4 g6 17.a4 bxa4 18.Nxa4 Qc6 19.Rd3 Nc5 20.Rc3 Kb8 21.Nxc5 dxc5
22.Qc4 Rc8 23.Rb3 Ka7 24.Rd1 Rhd8 25.Rxd8 Rxd8 26.e5 Rd5 27.Qe2 Qa4 28.
Rxb7+ Kxb7 29.c4 Qa2 30.cxd5 exd5 31.Qd3 Kc6 32.b3 Qa1+ 33.Kc2 Qa2+ 34.Kd1
Kb6 35.Qxd5 1-0

[Event "XIII American Continental"]
[Site "Montevideo URU"]
[Date "2018.06.07"]
[Round "7"]
[White "Ruiz Castillo, Joshua Daniel"]
[Black "Vera Siguenas, Deivy"]
[Result "1/2-1/2"]
[WhiteElo "2378"]
[BlackElo "2516"]
[EventDate "2018.06.01"]
[PlyCount "46"]

1.e4 c6 2.d4 d5 3.e5 Bf5 4.h4 h5 5.c4 e6 6.Nc3 Nd7 7.cxd5 cxd5 8.Bg5 Qb6 
9.Qd2 Ne7 10.Na4 Qc6 11.Nc3 a6 12.Rc1 Qb6 13.Be2 Nc6 14.Nf3 Bg4 15.Be3 Be7
16.g3 O-O-O 17.Na4 Qb4 18.Qxb4 Bxb4+ 19.Nd2 Bxe2 20.Kxe2 Kb8 21.Nb3 Na5 
22.Nxa5 Bxa5 23.Nc5 Nxc5 1/2-1/2